| 000 | 00428pab a2200169 454500 | ||
|---|---|---|---|
| 008 | 180718b2010 xxu||||| |||| 00| 0 eng d | ||
| 100 | _aAhlquist, John S. | ||
| 245 | _aFDI and the costs of contract enforcement in developing countries | ||
| 260 | _c2010 | ||
| 300 | _ap.181-200. | ||
| 362 | _aJun | ||
| 650 | _aForeign investment | ||
| 700 | _aAseem Prakash | ||
| 773 | _aPolicy Sciences | ||
| 908 | _aN | ||
| 909 | _a86394 | ||
| 999 |
_c86394 _d86394 |
||